|
|
|
|
| LEADER |
00894nnm a2200217 i 4500 |
| 001 |
eta115 |
| 005 |
20181009104737.0 |
| 008 |
180515s2006 hu o 0|| hun d |
| 020 |
|
|
|a 963-9704-88-1; 963-9724-13-0
|
| 040 |
|
|
|a SZTE Elektronikus Tananyag Archívum
|b hun
|
| 041 |
|
|
|a hun
|
| 100 |
1 |
|
|a Bartha Elek
|
| 245 |
1 |
0 |
|a Nemzeti, vallási és hagyományos gazdálkodási terek szellemi öröksége I.
|h [elektronikus dokumentum] :
|b vallási terek szellemi öröksége /
|c Bartha Elek
|
| 260 |
|
|
|a Bölcsész Konzorcium
|b Debrecen
|c 2006
|
| 300 |
|
|
|a 221
|
| 516 |
|
|
|a Book
|
| 650 |
|
4 |
|a Bölcsészettudományok
|
| 650 |
|
4 |
|a Filozófia, etika és vallástudományok
|
| 650 |
|
4 |
|a Vallástudományok
|
| 650 |
|
4 |
|a Mítosz, rítus, szimbólumok, valláskutatás
|
| 856 |
4 |
0 |
|u https://eta.bibl.u-szeged.hu/115/1/nemzeti_vallasi_es_hagyomanyos_gazdalkodasi_terek_szellemi_oroksege_1.pdf
|z Dokumentum-elérés
|